Folktales of the Yeats country /

Bibliographic Details
Main Author: Kilgannon, Eily
Other Authors: Henderson, Cathy
Format: Book
Language:English
Published: Cork : Mercier Press ; [1989]
Subjects:

MARC

Tag First Indicator Second Indicator Subfields
LEADER 00000cam a2200000 a 4500
001 in00000982575
005 20150927110942.0
008 891023s1989 ie a b 000 0 eng
010 |a  89081659  
020 |a 0853428611 
035 |a (OCoLC)25026562 
035 |9 AEV9965AM 
040 |a DLC  |c DLC  |d TXA  |d UtOrBLW 
043 |a e-ie--- 
049 |a TXAM 
050 0 0 |a GR153.5  |b .K55 1989 
082 0 0 |a 398.2/09415  |2 20 
100 1 |a Kilgannon, Eily. 
245 1 0 |a Folktales of the Yeats country /  |c Eily Kilgannon ; illustrated by Cathy Henderson. 
264 1 |a Cork :  |b Mercier Press ;  |c [1989] 
264 2 |a Chester Springs, PA :  |b U.S. Distributor, DuFour Editions, 
264 4 |c ©1989 
300 |a 96 pages :  |b illustrations ;  |c 21 cm. 
336 |a text  |b txt  |2 rdacontent 
337 |a unmediated  |b n  |2 rdamedia 
338 |a volume  |b nc  |2 rdacarrier 
500 |a Distributor from label on page 4 of cover. 
504 |a Includes bibliographical references (page 96). 
650 0 |a Tales  |z Ireland. 
700 1 |a Henderson, Cathy. 
999 |a MARS 
999 f f |s 3b85b9af-ca4e-3528-b8cc-464dc4bd09bd  |i 8d27a421-f80c-367c-88de-b2093b0b5b3e  |t 0 
952 f f |p ric  |a Texas A&M University  |b Rellis Campus  |c Joint Library Facility  |d Remote Storage  |t 0  |e GR153.5 .K55 1989  |h Library of Congress classification  |i unmediated -- volume  |m A14815392809 
998 f f |a GR153.5 .K55 1989  |t 0  |l Remote Storage